[Event "Nuremberg Zabo op 23rd"]
[Site "Nuremberg"]
[Date "2023.09.17"]
[Round "4"]
[White "Wilmes, Frank"]
[Black "Frenz, Joachim"]
[Result "1-0"]
[WhiteElo "1813"]
[BlackElo "1532"]
[PlyCount "105"]
[EventDate "2023.09.15"]
[EventType "swiss"]
[EventRounds "5"]
[EventCountry "GER"]
[SourceTitle "EXT 2024"]
[Source "ChessBase"]
[SourceDate "2023.10.10"]
[SourceVersion "1"]
[SourceVersionDate "2023.10.10"]
[SourceQuality "1"]

1. d4 d5 2. c4 c6 3. Nc3 Nf6 4. Nf3 dxc4 5. a4 Bg4 6. Ne5 e6 7. Nxg4 Nxg4 8. e4 Nf6 9. Bg5 Be7 10. Bxc4 0-0 11. 0-0 Nbd7 12. Be3 a6 13. f3 Qc7 14. Rc1 Rfd8 15. e5 Ne8 16. f4 b5 17. Bb3 Qb7 18. axb5 axb5 19. Qf3 Nc7 20. f5 exf5 21. Qxf5 Kh8 22. Bc2 Nf8 23. Qxf7 Nd5 24. Nxd5 cxd5 25. Rf3 Qa7 26. Rg3 Bg5 27. Qxa7 Bxe3+ 28. Rxe3 Rxa7 29. Bb3 Ne6 30. Rd3 Nf4 31. Rd2 Raa8 32. Kf2 g5 33. Rc5 b4 34. g3 Ne6 35. Rxd5 Rf8+ 36. Ke3 g4 37. Bd1 h5 38. Rd6 Rae8 39. Rb6 Nc7 40. Ke4 Rb8 41. Rh6+ Kg7 42. Rxh5 Kg6 43. Rh4 Nb5 44. Rxg4+ Kh6 45. d5 Rfe8 46. d6 Rbd8 47. d7 Re7 48. Ba4 Nc7 49. Rd6+ Re6 50. Rxe6+ Nxe6 51. Kd5 Nc7+ 52. Kd6 Na6 53. Ke7 1-0

[Event "Mittelfranken-chTB2b 1920"]
[Site "Mittelfranken"]
[Date "2019.12.01"]
[Round "3.8"]
[White "Arlt, Birgit"]
[Black "Frenz, Joachim"]
[Result "1-0"]
[WhiteElo "1605"]
[BlackElo "1550"]
[PlyCount "77"]
[EventDate "2019.10.13"]
[EventType "team-tourn"]
[EventRounds "9"]
[EventCountry "GER"]
[SourceTitle "EXT 2023"]
[Source "ChessBase"]
[SourceDate "2022.10.05"]
[SourceVersion "1"]
[SourceVersionDate "2022.10.05"]
[SourceQuality "1"]
[WhiteTeam "Schwanstetten"]
[BlackTeam "Stein SC"]
[WhiteTeamCountry "GER"]
[BlackTeamCountry "GER"]

1. e4 e6 2. d4 d5 3. exd5 exd5 4. Bd3 c5 5. Qe2+ Be6 6. dxc5 Bxc5 7. Nf3 Nf6 8. 0-0 0-0 9. Bg5 Nbd7 10. Nbd2 Re8 11. Qd1 Qb6 12. h3 Qxb2 13. Nb3 Qa3 14. Rb1 Bb6 15. Bc1 Qd6 16. Nbd4 Rac8 17. Nb5 Qc6 18. Nfd4 Bxd4 19. Nxd4 Qa4 20. Nxe6 fxe6 21. Rxb7 Qxa2 22. Be3 Nc5 23. Bxc5 Rxc5 24. Qa1 Ra5 25. Qe5 Qa4 26. Qc7 Qd7 27. Qxd7 Nxd7 28. Rxd7 Ra2 29. Rb1 Kh8 30. Rbb7 Ra1+ 31. Kh2 Rg8 32. Rxa7 Re1 33. c4 dxc4 34. Bxc4 h6 35. Re7 Re4 36. Bxe6 Re2 37. Bxg8 Rxe7 38. Rxe7 Kxg8 39. f4 1-0

[Event "Nuremberg op"]
[Site "Nuremberg"]
[Date "2019.11.17"]
[Round "5"]
[White "Frenz, Joachim"]
[Black "Gundel, Kay"]
[Result "1-0"]
[WhiteElo "1562"]
[BlackElo "1194"]
[PlyCount "30"]
[EventDate "2019.11.15"]
[EventType "swiss"]
[EventRounds "5"]
[EventCountry "GER"]
[SourceTitle "CBM 193 Extra"]
[Source "ChessBase"]
[SourceDate "2020.01.31"]
[SourceVersion "1"]
[SourceVersionDate "2020.01.31"]
[SourceQuality "1"]

1. d4 d5 2. c4 Nf6 3. Nc3 Nc6 4. cxd5 Nxd5 5. e4 Nxc3 6. bxc3 e6 7. Nf3 Be7 8. Bd3 0-0 9. 0-0 f5 10. Qc2 Bd7 11. Re1 Bd6 12. Qb3 Ne7 13. e5 Bc6 14. Qxe6+ Kh8 15. exd6 cxd6 1-0

[Event "Nuremberg Zabo op 07th"]
[Site "Nuremberg"]
[Date "2005.09.25"]
[Round "4"]
[White "Frenz, Joachim"]
[Black "Linkies, Sebastian"]
[Result "1-0"]
[WhiteElo "1646"]
[BlackElo "1455"]
[PlyCount "61"]
[EventDate "2005.09.23"]
[EventType "swiss"]
[EventRounds "5"]
[EventCountry "GER"]
[SourceTitle "EXT 2012"]
[Source "ChessBase"]
[SourceDate "2011.11.24"]
[SourceVersion "1"]
[SourceVersionDate "2011.11.24"]
[SourceQuality "1"]

1. e4 e5 2. Bc4 Nf6 3. d3 h6 4. Nc3 Bc5 5. f4 d6 6. f5 c6 7. Qf3 Nbd7 8. Bd2 b5 9. Bb3 a5 10. a3 Bb7 11. Qg3 Rg8 12. Qf3 Qb6 13. Nge2 a4 14. Ba2 b4 15. axb4 Qxb4 16. Nd1 Qb6 17. g4 a3 18. bxa3 Rxa3 19. Rb1 Qa7 20. Bb3 Nh7 21. h4 Rf8 22. g5 hxg5 23. hxg5 Rh8 24. g6 fxg6 25. fxg6 Rf8 26. Bf7+ Ke7 27. Rxh7 Nf6 28. Rxg7 Rh8 29. Bc4+ Ke8 30. Rgxb7 Qa8 31. Rb8+ 1-0

[Event "Nuremberg Zabo op 07th"]
[Site "Nuremberg"]
[Date "2005.09.24"]
[Round "2"]
[White "Frenz, Joachim"]
[Black "Lange, Vanessa"]
[Result "1-0"]
[WhiteElo "1646"]
[BlackElo "1239"]
[PlyCount "47"]
[EventDate "2005.09.23"]
[EventType "swiss"]
[EventRounds "5"]
[EventCountry "GER"]
[SourceTitle "EXT 2012"]
[Source "ChessBase"]
[SourceDate "2011.11.24"]
[SourceVersion "1"]
[SourceVersionDate "2011.11.24"]
[SourceQuality "1"]

1. e4 e5 2. Bc4 Nc6 3. a3 Nf6 4. d3 h6 5. Nc3 b6 6. f4 d6 7. Nf3 g5 8. fxg5 hxg5 9. Nxg5 Qe7 10. Bxf7+ Kd7 11. 0-0 Ne8 12. Be6+ Qxe6 13. Nxe6 Kxe6 14. Qg4+ Ke7 15. Bg5+ Nf6 16. Bxf6+ Ke8 17. Qg6+ Kd7 18. Bxh8 Ne7 19. Qf7 Kc6 20. Qxf8 Bd7 21. Qxa8+ Kc5 22. Kf2 Ng6 23. b4+ Kd4 24. Ne2# 1-0

[Event "Nuremberg Zabo op 07th"]
[Site "Nuremberg"]
[Date "2005.09.24"]
[Round "3"]
[White "Sporrer, Bernhard"]
[Black "Frenz, Joachim"]
[Result "1-0"]
[WhiteElo "1932"]
[BlackElo "1646"]
[PlyCount "59"]
[EventDate "2005.09.23"]
[EventType "swiss"]
[EventRounds "5"]
[EventCountry "GER"]
[SourceTitle "EXT 2012"]
[Source "ChessBase"]
[SourceDate "2011.11.24"]
[SourceVersion "1"]
[SourceVersionDate "2011.11.24"]
[SourceQuality "1"]

1. e4 c6 2. d4 d5 3. exd5 cxd5 4. c4 Nf6 5. Nc3 Bg4 6. Qb3 Nbd7 7. Qxb7 e6 8. c5 Be7 9. c6 Nb6 10. c7 Qc8 11. Ba6 0-0 12. Qxc8 Raxc8 13. Bxc8 Rxc8 14. h3 Bf5 15. Bf4 a6 16. Rc1 Nc4 17. Na4 Bb4+ 18. Ke2 Ba5 19. b3 Nb6 20. Nxb6 Bxb6 21. Rc6 Bxd4 22. Rd6 e5 23. Rd8+ Ne8 24. Nf3 f6 25. Nxd4 exd4 26. Rc1 Kf7 27. g4 Be6 28. Rc6 g5 29. Bg3 Nxc7 30. Rxc8 1-0

[Event "Nuremberg-ch op 05th"]
[Site "Nuremberg"]
[Date "2005.05.08"]
[Round "4"]
[White "Bangert, Ruediger"]
[Black "Frenz, Joachim"]
[Result "1/2-1/2"]
[WhiteElo "1471"]
[BlackElo "1620"]
[PlyCount "89"]
[EventDate "2005.05.06"]
[EventType "swiss"]
[EventRounds "5"]
[EventCountry "GER"]
[SourceTitle "EXT 2007"]
[Source "ChessBase"]
[SourceDate "2006.11.23"]
[SourceVersion "1"]
[SourceVersionDate "2006.11.23"]
[SourceQuality "1"]

1. e4 c6 2. c3 d5 3. exd5 cxd5 4. d4 Bf5 5. Nf3 e6 6. Bg5 Be7 7. Bxe7 Qxe7 8. Bb5+ Nd7 9. Ne5 Ngf6 10. Qa4 a6 11. Bxd7+ Nxd7 12. 0-0 Rd8 13. Re1 h6 14. Nd2 0-0 15. Nxd7 Rxd7 16. Nf3 Rc8 17. Re3 Rd6 18. Qa3 Qd8 19. Ne5 Rb6 20. Rae1 Rb5 21. b4 Ra8 22. Rg3 Qf8 23. Nd7 Qd8 24. Ne5 a5 25. Qc1 Kf8 26. a3 axb4 27. c4 Rc8 28. a4 Ra5 29. c5 Rxa4 30. c6 bxc6 31. Qc5+ Kg8 32. Nxc6 Rxc6 33. Qxc6 Ra8 34. Qc1 Kh7 35. Qb2 Rb8 36. Rb3 Bg6 37. Rxb4 Qa5 38. Rb1 Rxb4 39. Qxb4 Qa2 40. Re1 Qc2 41. Qc5 Qf5 42. Qc3 Qg4 43. Qe3 h5 44. f3 Qh4 45. Re2 1/2-1/2

[Event "Nuremberg Zabo op 04th"]
[Site "Nuremberg"]
[Date "2002.09.29"]
[Round "4"]
[White "Frenz, Joachim"]
[Black "Rueter, Maximilian"]
[Result "1-0"]
[WhiteElo "1609"]
[BlackElo "1232"]
[PlyCount "154"]
[EventDate "2002.09.27"]
[EventType "swiss"]
[EventRounds "5"]
[EventCountry "GER"]
[SourceTitle "EXT 2003"]
[Source "ChessBase"]
[SourceDate "2002.11.25"]
[SourceVersion "1"]
[SourceVersionDate "2002.11.25"]
[SourceQuality "1"]

1. e4 c5 2. Nf3 Nc6 3. d4 cxd4 4. Nxd4 g6 5. Nc3 Bg7 6. Be3 Nf6 7. Be2 0-0 8. 0-0 d6 9. Qd2 a6 10. Rad1 Rb8 11. Nf3 Be6 12. Bh6 Rc8 13. Bxg7 Kxg7 14. Qg5 Qa5 15. Qd2 Qb6 16. Rfe1 Qd8 17. Qg5 Qa5 18. Qd2 Qb6 19. Bf1 Qd8 20. a3 Qb6 21. b4 Qc7 22. Re2 Nxb4 23. axb4 Qxc3 24. Qc1 Qxb4 25. e5 dxe5 26. Nxe5 Qb6 27. c3 Ng4 28. Nf3 Bc4 29. Rb2 Qc7 30. Bxc4 Qxc4 31. Rb4 Qxb4 32. cxb4 Rxc1 33. Rxc1 e6 34. h3 Nf6 35. Rc7 Rb8 36. Ne5 Nd5 37. Rc4 Ra8 38. Nd3 a5 39. bxa5 Rxa5 40. Rc1 b6 41. Rb1 Ra7 42. Ne5 Rb7 43. Rb5 Kf6 44. Nc4 Ke7 45. Kh2 Kd7 46. Kg3 f6 47. Kg4 Kc6 48. Rb3 Kc5 49. Nd2 b5 50. Kf3 b4 51. Rb1 Kd4 52. Ne4 b3 53. Rd1+ Kc4 54. Nd6+ Kc3 55. Nxb7 Kc2 56. Re1 Nc3 57. Nc5 b2 58. Nxe6 h6 59. Ke3 Nd1+ 60. Ke2 b1Q 61. Nd4+ Kc3 62. Rxd1 Qb2+ 63. Kf1 Qb4 64. Ne2+ Kc2 65. Rc1+ Kd3 66. Rc3+ Kd2 67. g3 Qb1+ 68. Rc1 Qe4 69. Re1 Qc2 70. Nf4 Qc4+ 71. Re2+ Kc3 72. Nxg6 Qd5 73. Re3+ Kc4 74. Ke2 Qh5+ 75. g4 Qxg6 76. Kf3 f5 77. Kg3 fxg4 1-0

[Event "Nuremberg-ch op 02nd"]
[Site "Nuremberg"]
[Date "2002.06.22"]
[Round "3"]
[White "Jussupow, Alexander"]
[Black "Frenz, Joachim"]
[Result "0-1"]
[WhiteElo "1214"]
[BlackElo "1635"]
[PlyCount "58"]
[EventDate "2002.06.21"]
[EventType "swiss"]
[EventRounds "5"]
[EventCountry "GER"]
[SourceTitle "EXT 2006"]
[Source "ChessBase"]
[SourceDate "2005.11.24"]
[SourceVersion "1"]
[SourceVersionDate "2005.11.24"]
[SourceQuality "1"]

1. e4 c6 2. d4 d5 3. exd5 cxd5 4. Bd3 Nc6 5. c3 h6 6. Nf3 Bg4 7. h3 Bxf3 8. Qxf3 Nf6 9. Bf4 e6 10. Nd2 Bd6 11. Bxd6 Qxd6 12. Nb3 0-0-0 13. 0-0-0 Qc7 14. Kb1 a5 15. Bb5 Qb6 16. Qe2 Ne4 17. Bxc6 bxc6 18. Rhe1 a4 19. Nc5 Nxc5 20. dxc5 Qxc5 21. Qa6+ Kc7 22. Qxa4 Kd7 23. c4 Ra8 24. Qb3 Rab8 25. Qf3 Rhf8 26. cxd5 cxd5 27. Qg4 Rxb2+ 28. Kxb2 Rb8+ 29. Ka1 Qc3# 0-1

[Event "Schachschule Erlangen op"]
[Site "Erlangen"]
[Date "1997.??.??"]
[Round "2"]
[White "Frenz, Joachim"]
[Black "Mueller, Christian"]
[Result "0-1"]
[WhiteElo "1734"]
[BlackElo "1993"]
[PlyCount "136"]
[EventDate "1997.10.31"]
[EventType "swiss"]
[EventRounds "5"]
[EventCountry "GER"]
[SourceTitle "EXT 1999"]
[Source "ChessBase"]
[SourceDate "1998.11.16"]
[SourceVersion "1"]
[SourceVersionDate "1998.11.16"]
[SourceQuality "1"]

1. e4 Nf6 2. Nc3 d5 3. exd5 Nxd5 4. Nxd5 Qxd5 5. d4 Nc6 6. c3 Bf5 7. Nf3 0-0-0 8. Be2 e6 9. 0-0 f6 10. a3 g5 11. Be3 h5 12. Nd2 g4 13. f3 Rg8 14. b4 Qd7 15. b5 Na5 16. Qa4 b6 17. Nc4 Nxc4 18. Qxc4 g3 19. f4 gxh2+ 20. Kxh2 Be4 21. Bf3 Bd5 22. Qe2 Qg7 23. Qf2 h4 24. a4 Qg3+ 25. Qxg3 hxg3+ 26. Kg1 Bc4 27. Rfe1 Bd6 28. Be2 Bxe2 29. Rxe2 Rd7 30. Rea2 Rg4 31. Kf1 Bxf4 32. Ke2 Bxe3 33. Kxe3 Rh7 34. Kf3 Rg6 35. a5 Rh5 36. axb6 axb6 37. c4 Rf5+ 38. Ke3 Rh6 39. Ra8+ Kd7 40. Rg8 Rh4 41. Rxg3 Rff4 42. Rg7+ Kd6 43. g3 Rfg4 44. gxh4 Rxg7 45. Rh1 e5 46. dxe5+ Kxe5 47. Kf3 Kd4 48. Rc1 f5 49. Rc2 Rg4 50. Rh2 Kxc4 51. h5 Kxb5 52. h6 Rg8 53. h7 Rh8 54. Kf4 c5 55. Kxf5 c4 56. Kg6 c3 57. Kg7 Rc8 58. h8Q Rxh8 59. Kxh8 Kb4 60. Kg7 Kb3 61. Kf6 c2 62. Rh3+ Kb2 63. Rh2 b5 64. Ke5 b4 65. Kd4 b3 66. Kd3 Kb1 67. Rh1+ c1Q 68. Rxc1+ Kxc1 0-1